Management information systems : (Record no. 592952)
[ view plain ]
| 000 -LEADER | |
|---|---|
| fixed length control field | 01266cam a2200313 i 4500 |
| 001 - CONTROL NUMBER | |
| control field | 18746802 |
| 003 - CONTROL NUMBER IDENTIFIER | |
| control field | NUST |
| 005 - DATE AND TIME OF LATEST TRANSACTION | |
| control field | 20230119132625.0 |
| 008 - FIXED-LENGTH DATA ELEMENTS--GENERAL INFORMATION | |
| fixed length control field | 150817s2016 maua b 001 0 eng |
| 010 ## - LIBRARY OF CONGRESS CONTROL NUMBER | |
| LC control number | 2015451655 |
| 020 ## - INTERNATIONAL STANDARD BOOK NUMBER | |
| International Standard Book Number | 978-93-325-4890-9 |
| 020 ## - INTERNATIONAL STANDARD BOOK NUMBER | |
| International Standard Book Number | 9780133898163 |
| 040 ## - CATALOGING SOURCE | |
| Original cataloging agency | DLC |
| Transcribing agency | DLC |
| 042 ## - AUTHENTICATION CODE | |
| Authentication code | pcc |
| 050 00 - LIBRARY OF CONGRESS CALL NUMBER | |
| Classification number | T58.6 |
| Item number | .L376 2016 |
| 082 ## - DEWEY DECIMAL CLASSIFICATION NUMBER | |
| Classification number | 658.4038,LAU |
| 100 1# - MAIN ENTRY--PERSONAL NAME | |
| Personal name | Laudon, Kenneth C., |
| Dates associated with a name | 1944- |
| Relator term | author. |
| 9 (RLIN) | 99417 |
| 245 10 - TITLE STATEMENT | |
| Title | Management information systems : |
| Remainder of title | managing the digital firm / |
| Statement of responsibility, etc. | Kenneth C. Laudon, New York University, Jane P. Laudon, Azimuth Information Systems. |
| 250 ## - EDITION STATEMENT | |
| Edition statement | Fourteenth edition. |
| 264 #1 - PRODUCTION, PUBLICATION, DISTRIBUTION, MANUFACTURE, AND COPYRIGHT NOTICE | |
| Place of production, publication, distribution, manufacture | Boston : |
| Name of producer, publisher, distributor, manufacturer | Pearson, |
| Date of production, publication, distribution, manufacture, or copyright notice | [2016] |
| 300 ## - PHYSICAL DESCRIPTION | |
| Extent | xxxii, 604, [33] pages : |
| Other physical details | color illustrations ; |
| Dimensions | 28 cm |
| 336 ## - CONTENT TYPE | |
| Content type term | text |
| Source | rdacontent |
| 337 ## - MEDIA TYPE | |
| Media type term | unmediated |
| Source | rdamedia |
| 338 ## - CARRIER TYPE | |
| Carrier type term | volume |
| Source | rdacarrier |
| 505 ## - FORMATTED CONTENTS NOTE | |
| Formatted contents note | Part-1: Organizations, Management, and the Networks Enterprise (Page-1), Part-2: Information Technology Infrastructure (Page-177), Part-3: Key System Application for the Digital Age (Page-365), Part-4: Building and Managing Systems (page-531). |
| 650 #0 - SUBJECT ADDED ENTRY--TOPICAL TERM | |
| Topical term or geographic name entry element | Management information systems. |
| 700 1# - ADDED ENTRY--PERSONAL NAME | |
| Personal name | Laudon, Jane P. |
| Fuller form of name | (Jane Price), |
| Relator term | author. |
| 9 (RLIN) | 107091 |
| 942 ## - ADDED ENTRY ELEMENTS (KOHA) | |
| Source of classification or shelving scheme | |
| Koha item type | Book |
| Call number prefix | 658.4038,LAU |
| Withdrawn status | Lost status | Source of classification or shelving scheme | Damaged status | Not for loan | Permanent Location | Current Location | Shelving location | Date acquired | Total Checkouts | Full call number | Barcode | Date last seen | Date last checked out | Price effective from | Koha item type | Public note |
|---|---|---|---|---|---|---|---|---|---|---|---|---|---|---|---|---|
| Military College of Signals (MCS) | Military College of Signals (MCS) | General Stacks | 01/19/2023 | 1 | 658.4038,LAU | MCS37864 | 01/20/2023 | 01/20/2023 | 01/19/2023 | Book | Almirah No.55, Shelf No.2 |
